000 00774nam0a22002291 4500
001 rc\2697860
005 20250623165033.0
035 _a(NLR Aleph) 006826037
090 _a6494455
_c6494455
100 _a20110915d1933 |||y0rusy50 ca
101 0 _arus
102 _aRU
105 _ay z |||||
200 1 _aО задачах ВЦСПС и профессиональных союзов в связи с передачей им функций Наркомтруда
_fРед. Цейтин
210 _aХарьков
_cДВОУ, "Украiнський робiтник"
_d1933
215 _aОбл., 62, [2] с.
_d14,5 см.
702 1 _aЦейтин
_4340
801 0 _aRU
_bNLR
_gpsbo
801 1 _aRU
_bELAR
_2rusmarc
852 _aNLR
_j34-8/567
942 _cBOOK
980 _aNB